000 00811nam a22002177a 4500
005 20110906143053.0
008 100511t xxu||||| |||| 00| 0 eng d
010 _aG-001420
020 _a9788189998301
_c110.00
035 _aG-001420
037 _bSRD
040 _adpl
_bEnglish
082 _a650.1
100 _aHill, Napoleon
_91540
245 _aThink and grow rich /
_cby Napoleon Hill
260 _aDelhi
_bThree Ess Publications
_c2009
270 _aDA/5, Gali No 6, Main Kanjhwala Road, Rama Vihar
_bNew Delhi
_e110081
300 _a224p.
_c23cm (pbk)
942 _2ddc
_cEN
_mHIL
_h650.1
999 _c56421
_d56421